000 00298nam a22001337a 4500
008 170831b xxu||||| |||| 00| 0 eng d
020 _a9780495567783
041 _aeng
080 _28TH
_a070
100 _a40
101 _aMED
245 _aPUBLIC RELATIONS CASES
_cHENDRIX,J,A
942 _2udc
_cBK
999 _c25795
_d25795